Theory of Machines / (Record no. 189496)
[ view plain ]
| 000 -LEADER | |
|---|---|
| fixed length control field | 01125 a2200181 4500 |
| 003 - CONTROL NUMBER IDENTIFIER | |
| control field | Nust |
| 005 - DATE AND TIME OF LATEST TRANSACTION | |
| control field | 20221229120332.0 |
| 020 ## - INTERNATIONAL STANDARD BOOK NUMBER | |
| International Standard Book Number | 81-219-2524-x |
| 040 ## - CATALOGING SOURCE | |
| Transcribing agency | Nust |
| 082 ## - DEWEY DECIMAL CLASSIFICATION NUMBER | |
| Classification number | 621.8,KHU |
| 100 ## - MAIN ENTRY--PERSONAL NAME | |
| Personal name | R.S Khurmi |
| 9 (RLIN) | 27450 |
| 245 ## - TITLE STATEMENT | |
| Title | Theory of Machines / |
| Statement of responsibility, etc. | R.S Khurmi-J.K Gupta |
| 260 ## - PUBLICATION, DISTRIBUTION, ETC. | |
| Place of publication, distribution, etc. | New Delhi |
| Name of publisher, distributor, etc. | S. Chand Private Ltd |
| Date of publication, distribution, etc. | 2012 |
| 300 ## - PHYSICAL DESCRIPTION | |
| Extent | xii,1070,p |
| 505 ## - FORMATTED CONTENTS NOTE | |
| Formatted contents note | Introduction (Page-1), Kinematics of Motion (Page-8), Kinetics of Motion (Page-24), Simple Harmonic Motion (Page-72), Simple Mechanisms (Page-94), Velocity in Mechanisms (Page-119), Acceleration in Mechanisms (Page-174), Mechanisms with Lower Pairs (Page-232), Friction (Page-258), Belt, Rope and Chain Drives (Page-325), Tooth Gearing (Page-382), Gear Trains (Page-428), Gyroscopic Couple and Precessional Motion (Page-480), Inertia Forces in Reciprocating Parts (Page-514), Turning Movement Diagrams and Flywheel (Page-565), Brakes and Dynamometer (Page-732), Cams (Page-774), Balancing of Rotating Masses (Page-833), Torsional Vibrations (Page-972), Automatic Control (Page-1050). |
| 650 ## - SUBJECT ADDED ENTRY--TOPICAL TERM | |
| Topical term or geographic name entry element | Telecommunication Engineering |
| 942 ## - ADDED ENTRY ELEMENTS (KOHA) | |
| Source of classification or shelving scheme | |
| Koha item type | Book |
| Withdrawn status | Lost status | Source of classification or shelving scheme | Damaged status | Not for loan | Permanent Location | Current Location | Shelving location | Date acquired | Full call number | Barcode | Date last seen | Price effective from | Koha item type | Public note |
|---|---|---|---|---|---|---|---|---|---|---|---|---|---|---|
| Military College of Signals (MCS) | Military College of Signals (MCS) | General Stacks | 12/12/2016 | 621.8,KHU | MCS35127 | 12/08/2016 | 12/12/2016 | Book | Almirah No.41, Shelf No.1 |
